[Event "MP Reykjavik Open 2011"]
[Site "Reykjavik ISL"]
[Date "2011.03.16"]
[Round "9.42"]
[White "Larusson, Petur Atli"]
[Black "Karason, Askell O"]
[Result "0-1"]
[WhiteElo "2095"]
[BlackElo "2258"]
[PlyCount "50"]
[EventDate "2011.03.09"]
[EventType "swiss"]
[EventRounds "9"]
[EventCountry "ISL"]
[Source "lmi"]
[SourceDate "2011.03.09"]

1. e4 c5 2. Nf3 d6 3. d4 cxd4 4. Nxd4 Nf6 5. Nc3 g6 6. Be3 Bg7 7. f3 Nc6 8. Qd2
O-O 9. Bc4 Bd7 10. O-O-O Na5 11. Bb3 Rb8 12. h4 h5 13. Bh6 b5 14. Bxg7 Kxg7 15.
Nd5 Nc4 16. Qe2 e5 17. Nxf6 Qxf6 18. Nxb5 Qf4+ 19. Kb1 Ne3 20. g3 Bxb5 21. c4
Bxc4 22. Bxc4 Nxd1 23. Qxd1 Qxg3 24. Rg1 Qxh4 25. Qxd6 Qf2 0-1

[Event "MP Reykjavik Open 2011"]
[Site "Reykjavik ISL"]
[Date "2011.03.16"]
[Round "9.43"]
[White "Rehfeldt, Frank"]
[Black "Thorsteinsson, Thorsteinn"]
[Result "0-1"]
[WhiteElo "2091"]
[BlackElo "2220"]
[PlyCount "64"]
[EventDate "2011.03.09"]
[EventType "swiss"]
[EventRounds "9"]
[EventCountry "ISL"]
[Source "lmi"]
[SourceDate "2011.03.09"]

1. e4 c5 2. Nf3 Nc6 3. d4 cxd4 4. Nxd4 g6 5. c4 Bg7 6. Be3 Nf6 7. Nc3 Ng4 8.
Qxg4 Nxd4 9. Qd1 Ne6 10. Be2 Qa5 11. Qd2 d6 12. O-O Bd7 13. f3 Bc6 14. Rab1
Bxc3 15. bxc3 Rg8 16. Kh1 g5 17. Rb2 Rg6 18. Bd1 Kf8 19. Bc2 Rf6 20. c5 dxc5
21. e5 Rd8 22. Qc1 Rh6 23. Bxg5 Rh5 24. Bh6+ Ke8 25. Bxh7 Rxe5 26. Re1 Rxe1+
27. Qxe1 Qxc3 28. Rd2 Rd6 29. a4 Nd4 30. Bf4 Nxf3 31. Bxd6 Nxe1 32. Re2 e6 0-1

[Event "MP Reykjavik Open 2011"]
[Site "Reykjavik ISL"]
[Date "2011.03.16"]
[Round "9.44"]
[White "Thorhallsson, Gylfi"]
[Black "Herms Agullo, Jordi"]
[Result "1-0"]
[WhiteElo "2200"]
[BlackElo "2098"]
[PlyCount "105"]
[EventDate "2011.03.09"]
[EventType "swiss"]
[EventRounds "9"]
[EventCountry "ISL"]
[Source "lmi"]
[SourceDate "2011.03.09"]

1. e4 d5 2. exd5 Nf6 3. d4 Bg4 4. Be2 Bxe2 5. Qxe2 Qxd5 6. Nf3 Nc6 7. O-O O-O-O
8. Be3 e6 9. c4 Qh5 10. Nc3 Rg8 11. Rfd1 g5 12. b4 g4 13. Ne1 Bxb4 14. Qb2 g3
15. hxg3 Ng4 16. Qc1 Qh2+ 17. Kf1 e5 18. d5 Nxe3+ 19. Qxe3 Nd4 20. Ne2 Qh1+ 21.
Ng1 Bxe1 22. Rxe1 Kb8 23. Rab1 f6 24. a4 Rg6 25. Rb2 Rh6 26. Reb1 Rh2 27. f3 b6
28. a5 Rg8 29. Qa3 Nf5 30. axb6 Nxg3+ 31. Kf2 Rxg2+ 32. Ke3 Qh6+ 33. Kd3 Qg6+
34. Kc3 cxb6 35. Rxb6+ Ka8 36. Qa4 Qc2+ 37. Qxc2 Rxc2+ 38. Kxc2 axb6 39. Rxb6
Nf5 40. Ne2 Rf8 41. Kd3 Ka7 42. Re6 Rf7 43. c5 h5 44. Ke4 Ng7 45. Rb6 h4 46.
Nc3 h3 47. Rb2 Nh5 48. Nb5+ Ka8 49. Kf5 Nf4 50. Ra2+ Kb8 51. d6 Rh7 52. c6 Nd5
53. c7+ 1-0

[Event "MP Reykjavik Open 2011"]
[Site "Reykjavik ISL"]
[Date "2011.03.16"]
[Round "9.45"]
[White "Byron, Alan M"]
[Black "Willis, Brad"]
[Result "1-0"]
[WhiteElo "2183"]
[BlackElo "2090"]
[PlyCount "25"]
[EventDate "2011.03.09"]
[EventType "swiss"]
[EventRounds "9"]
[EventCountry "ISL"]
[Source "lmi"]
[SourceDate "2011.03.09"]

1. e4 e6 2. d4 d5 3. e5 c5 4. c3 Nc6 5. Nf3 Bd7 6. Be2 Qb6 7. a3 a5 8. O-O cxd4
9. cxd4 Nge7 10. Nc3 Nf5 11. Nb5 Nxe5 12. dxe5 Bxb5 13. Qb3 1-0

[Event "MP Reykjavik Open 2011"]
[Site "Reykjavik ISL"]
[Date "2011.03.16"]
[Round "9.46"]
[White "Ragnarsson, Johann"]
[Black "Locci, Damiano"]
[Result "0-1"]
[WhiteElo "2089"]
[BlackElo "2177"]
[PlyCount "66"]
[EventDate "2011.03.09"]
[EventType "swiss"]
[EventRounds "9"]
[EventCountry "ISL"]
[Source "lmi"]
[SourceDate "2011.03.09"]

1. d4 d5 2. c4 Nc6 3. Nf3 Bg4 4. Nc3 e6 5. Bg5 Be7 6. cxd5 exd5 7. Bxe7 Ngxe7
8. e3 O-O 9. Bd3 f5 10. h3 Bxf3 11. Qxf3 Qd6 12. g3 Rae8 13. O-O Nd8 14. Qe2 c6
15. Qc2 Qh6 16. Kh2 Ne6 17. f4 g5 18. Kg2 gxf4 19. gxf4 Kh8 20. Kh2 Ng7 21. Rf3
Ng6 22. Qd2 Nh4 23. Rf2 Re6 24. Rg1 Nh5 25. Be2 Nf6 26. Rg5 Rfe8 27. Rg3 Ng4+
28. Bxg4 fxg4 29. f5 Rxe3 30. Nd1 Rxg3 31. Kxg3 Nxf5+ 32. Kxg4 Re4+ 33. Rf4
Qg6+ 0-1

[Event "MP Reykjavik Open 2011"]
[Site "Reykjavik ISL"]
[Date "2011.03.16"]
[Round "9.47"]
[White "Van der Plas, Rob"]
[Black "Kristinsson, Bjarni Jens"]
[Result "1-0"]
[WhiteElo "2165"]
[BlackElo "2039"]
[PlyCount "115"]
[EventDate "2011.03.09"]
[EventType "swiss"]
[EventRounds "9"]
[EventCountry "ISL"]
[Source "lmi"]
[SourceDate "2011.03.09"]

1. d4 d5 2. c4 c6 3. e3 Nf6 4. Nc3 e6 5. Nf3 Nbd7 6. Qc2 Be7 7. g4 dxc4 8. Bxc4
h6 9. Bd2 b5 10. Be2 Bb7 11. Rg1 a6 12. g5 hxg5 13. Nxg5 Nf8 14. Nf3 g6 15.
O-O-O Qc7 16. a3 O-O-O 17. b4 N8d7 18. Qb3 Rdf8 19. Kb1 e5 20. Rc1 e4 21. Ng5
Rxh2 22. Nxf7 Rxf2 23. Be1 Rxe2 24. Nxe2 Qh2 25. Rc2 c5 26. Qe6 Bd5 27. Qxa6+
Bb7 28. Qa5 Rxf7 29. Bg3 Bd8 30. Qxd8+ Kxd8 31. Bxh2 cxb4 32. Rc7 Nd5 33. Rxb7
Rf2 34. Rg5 N7f6 35. Rxb5 Nxe3 36. Bg1 Rxe2 37. Bxe3 Rxe3 38. Rxg6 Rf3 39. Rg7
Kc8 40. axb4 e3 41. Re5 Nd7 42. Ree7 Rf4 43. Rxe3 Rxd4 44. Rb3 Kb7 45. Kb2 Kb6
46. Ka3 Ne5 47. Rh3 Rd6 48. Ka4 Nc6 49. Rg4 Rd1 50. Rh6 Kb7 51. Rg7+ Kb6 52.
Rgg6 Ra1+ 53. Kb3 Rc1 54. Rf6 Kb5 55. Rh5+ Kb6 56. Rg6 Rb1+ 57. Kc3 Rc1+ 58.
Kd2 1-0

[Event "MP Reykjavik Open 2011"]
[Site "Reykjavik ISL"]
[Date "2011.03.16"]
[Round "9.48"]
[White "Andersson, Christin"]
[Black "Andersen, Daniel"]
[Result "1-0"]
[WhiteElo "2163"]
[BlackElo "1983"]
[PlyCount "69"]
[EventDate "2011.03.09"]
[EventType "swiss"]
[EventRounds "9"]
[EventCountry "ISL"]
[Source "lmi"]
[SourceDate "2011.03.09"]

1. e4 e6 2. d4 d5 3. exd5 exd5 4. Nf3 Bd6 5. Bd3 Ne7 6. O-O h6 7. Re1 O-O 8. c3
Bf5 9. Bxf5 Nxf5 10. Nbd2 Nc6 11. Nf1 Qd7 12. Ng3 Nce7 13. Qb3 c6 14. Bd2 Nxg3
15. hxg3 Ng6 16. Re2 Rfe8 17. Rae1 Rxe2 18. Rxe2 b6 19. Qa4 b5 20. Qc2 Re8 21.
Be3 Ne7 22. Ne5 Bxe5 23. dxe5 Ng6 24. f4 Nf8 25. Bf2 Ne6 26. Rd2 a6 27. b3 Qe7
28. b4 Qc7 29. Qd3 Nf8 30. a4 Ng6 31. axb5 axb5 32. Ra2 Rb8 33. Ra7 Rb7 34. Ra6
Qd7 35. Ra8+ 1-0

[Event "MP Reykjavik Open 2011"]
[Site "Reykjavik ISL"]
[Date "2011.03.16"]
[Round "9.49"]
[White "Bergsson, Stefan"]
[Black "Sverrisson, Nokkvi"]
[Result "1-0"]
[WhiteElo "2158"]
[BlackElo "1824"]
[PlyCount "93"]
[EventDate "2011.03.09"]
[EventType "swiss"]
[EventRounds "9"]
[EventCountry "ISL"]
[Source "lmi"]
[SourceDate "2011.03.09"]

1. e4 e6 2. d4 d5 3. Nc3 Nf6 4. Bg5 Be7 5. e5 Nfd7 6. h4 Bxg5 7. hxg5 Qxg5 8.
Nf3 Qe7 9. Bd3 Nc6 10. Nb5 Nb6 11. c3 a6 12. Na3 Bd7 13. Nc2 Na5 14. b3 O-O-O
15. Qe2 Nc6 16. a4 Kb8 17. O-O f6 18. b4 Na7 19. Nd2 Nxa4 20. Bxa6 bxa6 21.
Qxa6 Bb5 22. Qa5 Qd7 23. Nb3 Qc6 24. Rfc1 Qb6 25. Rxa4 Bxa4 26. Qxa4 Qc6 27.
Qa2 Nc8 28. Ra1 Nb6 29. Nc5 Rde8 30. Qa7+ Kc8 31. b5 Qxb5 32. Qb7+ Kd8 33. Qb8+
Ke7 34. Qxc7+ Nd7 35. Ra7 Rd8 36. Qd6+ Kf7 37. Qxe6+ Kg6 38. Qg4+ Kh6 39. Qh4+
Kg6 40. Qg4+ Kh6 41. Ne3 g5 42. Qh3+ Kg6 43. Qf5+ Kh5 44. g4+ Kh6 45. Rxd7 Rdf8
46. Qf3 Qb1+ 47. Kg2 1-0

[Event "MP Reykjavik Open 2011"]
[Site "Reykjavik ISL"]
[Date "2011.03.16"]
[Round "9.50"]
[White "Johannesson, Oliver"]
[Black "Bisby, Daniel"]
[Result "0-1"]
[WhiteElo "1554"]
[BlackElo "2306"]
[PlyCount "88"]
[EventDate "2011.03.09"]
[EventType "swiss"]
[EventRounds "9"]
[EventCountry "ISL"]
[Source "lmi"]
[SourceDate "2011.03.09"]

1. e4 c5 2. c3 e6 3. d4 d5 4. Nd2 Nf6 5. e5 Nfd7 6. Ngf3 b6 7. Be2 Ba6 8. O-O
Bxe2 9. Qxe2 Nc6 10. b3 Be7 11. Bb2 O-O 12. Rac1 Rc8 13. Rfd1 Re8 14. Ne1 Qc7
15. Qg4 f5 16. Qe2 Qb7 17. Nd3 Qa6 18. a3 Bf8 19. Nf4 Qxe2 20. Nxe2 b5 21. b4
cxd4 22. cxd4 Nb6 23. Nb3 Nc4 24. Rc2 Bxb4 25. axb4 Nxb4 26. Rxc4 dxc4 27. Nc5
Nd5 28. Nc3 b4 29. Nb5 c3 30. Ba1 Rb8 31. Nd6 b3 32. Bb2 cxb2 33. Rb1 Nc3 34.
Rxb2 Nd1 35. Rxb3 Rxb3 36. Nxe8 Rb1 37. h3 Ne3+ 38. Kh2 Nf1+ 39. Kg1 f4 40. g3
f3 41. h4 Nxg3+ 42. Kh2 Nf5 43. Nxe6 Rd1 44. Nd6 Nxd4 0-1

[Event "MP Reykjavik Open 2011"]
[Site "Reykjavik ISL"]
[Date "2011.03.16"]
[Round "9.51"]
[White "Reipsch, Jens"]
[Black "Mihajlov, Svetoslav"]
[Result "1-0"]
[WhiteElo "2247"]
[BlackElo "2087"]
[PlyCount "91"]
[EventDate "2011.03.09"]
[EventType "swiss"]
[EventRounds "9"]
[EventCountry "ISL"]
[Source "lmi"]
[SourceDate "2011.03.09"]

1. e4 e5 2. Nf3 Nc6 3. Bc4 Bc5 4. c3 Nf6 5. d4 exd4 6. e5 d5 7. Bb5 Ne4 8. cxd4
Bb6 9. Nc3 O-O 10. O-O Bg4 11. Be3 f5 12. exf6 Nxc3 13. bxc3 Qxf6 14. Be2 h6
15. a4 Rad8 16. Nd2 Bxe2 17. Qxe2 Na5 18. Qd3 c6 19. f4 Qf5 20. Qxf5 Rxf5 21.
g4 Rf7 22. Rf3 Re8 23. f5 Bd8 24. Bf4 Re2 25. Re3 Re7 26. Rxe7 Bxe7 27. Kf1
Rxd2 28. Bxd2 Bd6 29. Kg2 Nc4 30. Bc1 a5 31. Rb1 b6 32. h4 Kf7 33. Kf3 Be7 34.
g5 h5 35. Bf4 Bd8 36. Re1 b5 37. axb5 cxb5 38. Re6 a4 39. Ra6 Ba5 40. Ra7+ Ke8
41. f6 g6 42. Bd6 Nxd6 43. Rxa5 Kf7 44. Kf4 Ke8 45. Ra8+ Kd7 46. Ra7+ 1-0

[Event "MP Reykjavik Open 2011"]
[Site "Reykjavik ISL"]
[Date "2011.03.16"]
[Round "9.52"]
[White "Thorsteinsson, Erlingur"]
[Black "Spaan, Nathanael"]
[Result "0-1"]
[WhiteElo "2110"]
[BlackElo "2228"]
[PlyCount "52"]
[EventDate "2011.03.09"]
[EventType "swiss"]
[EventRounds "9"]
[EventCountry "ISL"]
[Source "lmi"]
[SourceDate "2011.03.09"]

1. b3 c5 2. Bb2 Nc6 3. Nf3 d6 4. d4 cxd4 5. Nxd4 e6 6. e3 Nf6 7. Nd2 Be7 8. Be2
O-O 9. c4 a6 10. O-O Qc7 11. Nxc6 bxc6 12. Qc2 c5 13. Rfd1 Bb7 14. Rac1 Rfd8
15. Bf3 a5 16. Ne4 Nxe4 17. Bxe4 Bxe4 18. Qxe4 a4 19. Qg4 Bf8 20. Rd3 axb3 21.
axb3 f5 22. Qh3 Ra2 23. Bc3 Qb7 24. e4 Qxe4 25. Re3 Qf4 26. g3 Qxf2+ 0-1

[Event "MP Reykjavik Open 2011"]
[Site "Reykjavik ISL"]
[Date "2011.03.16"]
[Round "9.53"]
[White "Kristinsson, Ogmundur"]
[Black "Rothe, Guido"]
[Result "0-1"]
[WhiteElo "2099"]
[BlackElo "2171"]
[PlyCount "80"]
[EventDate "2011.03.09"]
[EventType "swiss"]
[EventRounds "9"]
[EventCountry "ISL"]
[Source "lmi"]
[SourceDate "2011.03.09"]

1. b3 e5 2. Bb2 Nc6 3. e4 Nf6 4. Nc3 Bb4 5. Nge2 O-O 6. g3 d5 7. exd5 Nxd5 8.
Bg2 Nf6 9. O-O Bg4 10. a3 Bc5 11. h3 Bh5 12. b4 Bb6 13. Kh2 Nd4 14. f3 c6 15.
d3 Ne6 16. Ne4 Nd5 17. Qd2 f5 18. Nc5 Nxc5 19. bxc5 Bxc5 20. Bxe5 Ne3 21. Bxg7
Kxg7 22. Qc3+ Qf6 23. Qxc5 Nxf1+ 24. Rxf1 Rae8 25. Nf4 Bf7 26. h4 b6 27. Qb4
Re5 28. d4 Rb5 29. Qd2 Rd8 30. Rd1 Ra5 31. Qe3 Ra4 32. c3 Rxa3 33. Qc1 Ra5 34.
Bf1 Kh8 35. Re1 Rg8 36. Nd3 Ra2+ 37. Kh3 Bc4 38. Qf4 Rc2 39. Re5 Rxc3 40. Rxf5
Be6 0-1

[Event "MP Reykjavik Open 2011"]
[Site "Reykjavik ISL"]
[Date "2011.03.16"]
[Round "9.54"]
[White "Antonsson, Atli"]
[Black "Agrest, Inna"]
[Result "0-1"]
[WhiteElo "1830"]
[BlackElo "2170"]
[PlyCount "141"]
[EventDate "2011.03.09"]
[EventType "swiss"]
[EventRounds "9"]
[EventCountry "ISL"]
[Source "lmi"]
[SourceDate "2011.03.09"]

1. d4 Nf6 2. c4 g6 3. Nc3 Bg7 4. e4 d6 5. Bd3 O-O 6. Nge2 Nbd7 7. O-O e5 8. d5
Nc5 9. Bc2 a5 10. Rb1 Bd7 11. f3 Ne8 12. Be3 b6 13. Qd2 f5 14. exf5 gxf5 15. f4
e4 16. Bd4 Qh4 17. Rbe1 Nf6 18. Nd1 Kf7 19. Bf2 Qh6 20. Nd4 Ng4 21. h3 Nxf2 22.
Qxf2 Bf6 23. Kh2 Rg8 24. Qd2 Qg7 25. Ne6 Nxe6 26. dxe6+ Bxe6 27. g4 fxg4 28.
Bxe4 g3+ 29. Kg2 Bxh3+ 30. Kg1 Bd4+ 31. Ne3 Rae8 32. Bd5+ Be6 33. Kg2 Bxd5+ 34.
Nxd5 Bf2 35. Rxe8 Kxe8 36. Qe2+ Kd8 37. Rh1 Re8 38. Qc2 h6 39. Qf5 Qxb2 40. Qf7
Bd4+ 41. Kh3 Re2 42. Qxc7+ Ke8 43. Qc8+ Kf7 44. Qd7+ Kg8 45. Qg4+ Kf8 46. Qf5+
Kg8 47. Qg6+ Bg7 48. Qxg3 Qc2 49. Rg1 Qf5+ 50. Kh4 Qf7 51. Qg4 Re4 52. Qxg7+
Qxg7 53. Nf6+ Kf7 54. Rxg7+ Kxf6 55. Rb7 Rxf4+ 56. Kg3 Rxc4 57. Rxb6 Ke5 58.
Rb5+ Rc5 59. Rb2 h5 60. Re2+ Kf5 61. Rd2 d5 62. Rd4 Ke5 63. Rh4 Rc3+ 64. Kf2
Ra3 65. Rxh5+ Kd4 66. Rh4+ Kc5 67. Ke2 Rxa2+ 68. Kd3 Ra3+ 69. Kc2 d4 70. Rh5+
Kc4 71. Kb2 0-1

[Event "MP Reykjavik Open 2011"]
[Site "Reykjavik ISL"]
[Date "2011.03.16"]
[Round "9.55"]
[White "Burrows, Martin P"]
[Black "Hajenius, Willem"]
[Result "1-0"]
[WhiteElo "2168"]
[BlackElo "2028"]
[PlyCount "57"]
[EventDate "2011.03.09"]
[EventType "swiss"]
[EventRounds "9"]
[EventCountry "ISL"]
[Source "lmi"]
[SourceDate "2011.03.09"]

1. e4 c5 2. Nf3 e6 3. d4 cxd4 4. Nxd4 Nf6 5. Nc3 Nc6 6. Ndb5 Bb4 7. a3 Bxc3+ 8.
Nxc3 d5 9. exd5 exd5 10. Bd3 h6 11. O-O O-O 12. Bf4 d4 13. Ne2 Qd5 14. Bg3 Bg4
15. f3 Bf5 16. Bf2 Rfd8 17. Bxf5 Qxf5 18. Nxd4 Qh5 19. c3 Ne7 20. Qc2 Rd5 21.
Rad1 Rg5 22. Bg3 Nfd5 23. Rfe1 Ng6 24. Qe4 Rc8 25. Kf2 b6 26. Ne2 Ne5 27. Qxd5
Ng6 28. Qd7 Rf8 29. Qh3 1-0

[Event "MP Reykjavik Open 2011"]
[Site "Reykjavik ISL"]
[Date "2011.03.16"]
[Round "9.56"]
[White "Bjornsson, Tomas"]
[Black "Saemundsson, Bjarni"]
[Result "1-0"]
[WhiteElo "2158"]
[BlackElo "1923"]
[PlyCount "85"]
[EventDate "2011.03.09"]
[EventType "swiss"]
[EventRounds "9"]
[EventCountry "ISL"]
[Source "lmi"]
[SourceDate "2011.03.09"]

1. d4 Nf6 2. c4 Nc6 3. Nf3 e6 4. g3 Bb4+ 5. Bd2 Qe7 6. a3 Bxd2+ 7. Nbxd2 d5 8.
Bg2 O-O 9. Qc2 Rd8 10. O-O Qd6 11. b4 a6 12. Rac1 Bd7 13. Rfd1 b5 14. cxd5 exd5
15. Nb3 Ne4 16. Nc5 Nxc5 17. dxc5 Qf6 18. Rxd5 Ne7 19. Rd2 Bf5 20. Qd1 Rxd2 21.
Qxd2 Be4 22. Rd1 Nc6 23. Qe3 Bxf3 24. Qxf3 Qxf3 25. Bxf3 Rd8 26. Rxd8+ Nxd8 27.
Bd5 Kf8 28. Kg2 Ke7 29. e4 c6 30. Ba2 Nb7 31. f4 a5 32. Kf3 a4 33. e5 Nd8 34.
Ke4 Kd7 35. f5 Ke7 36. g4 f6 37. exf6+ Kxf6 38. h4 h6 39. Kf4 g5+ 40. fxg6 Kxg6
41. Ke5 Kg7 42. Kd6 Kf6 43. Kd7 1-0

[Event "MP Reykjavik Open 2011"]
[Site "Reykjavik ISL"]
[Date "2011.03.16"]
[Round "9.57"]
[White "Johannsson, Orn Leo"]
[Black "Ingvason, Johann"]
[Result "0-1"]
[WhiteElo "1859"]
[BlackElo "2135"]
[PlyCount "134"]
[EventDate "2011.03.09"]
[EventType "swiss"]
[EventRounds "9"]
[EventCountry "ISL"]
[Source "lmi"]
[SourceDate "2011.03.09"]

1. d4 d5 2. Nf3 e6 3. e3 Nd7 4. b3 Bd6 5. Bb2 c6 6. Bd3 f5 7. Nbd2 Ngf6 8. Qe2
a5 9. a3 O-O 10. O-O Ne4 11. Ne5 Qf6 12. Bxe4 fxe4 13. Nxd7 Bxd7 14. f3 Qh6 15.
g3 exf3 16. Nxf3 Be8 17. e4 Bh5 18. e5 Be7 19. Qd3 Bg6 20. Qe2 Be4 21. Rf2 Rf5
22. Raf1 Raf8 23. c3 Qg6 24. Ne1 h5 25. Rxf5 exf5 26. Ng2 h4 27. Nf4 Qh7 28.
Qh5 hxg3 29. Qxh7+ Kxh7 30. hxg3 g5 31. Ng2 Kg6 32. b4 Rh8 33. Bc1 Rh3 34. Kf2
Rh2 35. Rg1 f4 36. gxf4 gxf4 37. Bxf4 Rh3 38. Ne3+ Kf7 39. Rg3 Bh4 40. Nf1 Ke6
41. Ke3 Bxg3 42. Nxg3 Bg6 43. bxa5 Rh8 44. a6 bxa6 45. Ne2 Kf5 46. e6 Rh3+ 47.
Kd2 Kxe6 48. Bc7 Rd3+ 49. Kc1 Kf5 50. Kc2 Rf3 51. Kb3 Ke4 52. Nc1 Rf7 53. Ba5
Rb7+ 54. Ka2 Ke3 55. Nb3 Bc2 56. Nc5 Rb5 57. Bc7 Kd2 58. a4 Rb1 59. Ba5 Kc1 60.
Bc7 Rb2+ 61. Ka3 Kb1 62. Bd8 Bd1 63. Bc7 Be2 64. Bd8 Bc4 65. Bc7 Kc2 66. Ba5
Rb1 67. Nd7 Rb3+ 0-1

[Event "MP Reykjavik Open 2011"]
[Site "Reykjavik ISL"]
[Date "2011.03.16"]
[Round "9.58"]
[White "Schaefer, Reyk"]
[Black "Fivelstad, Jon Olav"]
[Result "1-0"]
[WhiteElo "2133"]
[BlackElo "1854"]
[PlyCount "160"]
[EventDate "2011.03.09"]
[EventType "swiss"]
[EventRounds "9"]
[EventCountry "ISL"]
[Source "lmi"]
[SourceDate "2011.03.09"]

1. Nf3 f5 2. d4 Nf6 3. g3 g6 4. c3 Bg7 5. Qb3 e6 6. Bg2 Qe7 7. O-O d6 8. Nbd2
O-O 9. Re1 d5 10. Ne5 Nbd7 11. Nd3 c6 12. Nf3 Ne4 13. Bf4 g5 14. Be5 b6 15.
Bxg7 Kxg7 16. Nfe5 Nxe5 17. Nxe5 Bb7 18. a4 c5 19. e3 h5 20. a5 Qc7 21. Bxe4
fxe4 22. Qb5 c4 23. axb6 axb6 24. Qd7+ Qxd7 25. Nxd7 Rfd8 26. Nxb6 Rxa1 27.
Rxa1 Rd6 28. Na4 Ra6 29. Ra3 Kg6 30. Nc5 Rb6 31. b4 cxb3 32. Rxb3 Rxb3 33. Nxb3
Kf5 34. Nc5 Bc6 35. Kg2 Bb5 36. f3 exf3+ 37. Kxf3 e5 38. Nb3 Ba4 39. Nd2 exd4
40. exd4 Bb5 41. Nb3 Ba4 42. Nc5 Bb5 43. Nb7 Ba4 44. Na5 Bd1+ 45. Ke3 Kg4 46.
Kf2 Kh3 47. Kg1 Kg4 48. c4 dxc4 49. Nxc4 Bb3 50. Nd2 Bd5 51. Kf2 h4 52. Nf1 Kf5
53. Ne3+ Ke4 54. Nxd5 Kxd4 55. gxh4 gxh4 56. Ne7 Ke4 57. Kg2 Kf4 58. Kh3 Kg5
59. Nd5 Kh5 60. Nf4+ Kg5 61. Ng2 Kh5 62. Nxh4 Kg5 63. Nf3+ Kf4 64. Kg2 Kg4 65.
h3+ Kf4 66. Ng1 Kf5 67. Kg3 Kg5 68. h4+ Kf5 69. Nh3 Kg6 70. Kg4 Kh6 71. Nf4 Kg7
72. Kg5 Kh7 73. h5 Kg7 74. h6+ Kh7 75. Kh5 Kg8 76. Kg6 Kh8 77. Nd5 Kg8 78. Nf6+
Kh8 79. Ng4 Kg8 80. Ne5 Kh8 1-0

[Event "MP Reykjavik Open 2011"]
[Site "Reykjavik ISL"]
[Date "2011.03.16"]
[Round "9.59"]
[White "Thorgeirsson, Sverrir"]
[Black "Lee, Kai Jie Edward"]
[Result "1-0"]
[WhiteElo "2233"]
[BlackElo "1913"]
[PlyCount "117"]
[EventDate "2011.03.09"]
[EventType "swiss"]
[EventRounds "9"]
[EventCountry "ISL"]
[Source "lmi"]
[SourceDate "2011.03.09"]

1. d4 d5 2. c4 e6 3. Nc3 c6 4. e4 dxe4 5. Nxe4 Nf6 6. Nxf6+ Qxf6 7. Nf3 Bb4+ 8.
Bd2 Bxd2+ 9. Qxd2 O-O 10. Be2 Rd8 11. Qb4 Na6 12. Qa3 Nc7 13. Rd1 a5 14. Ne5
Re8 15. Bh5 g6 16. Bf3 Ra6 17. Qe3 Qe7 18. h4 f6 19. Nd3 e5 20. dxe5 fxe5 21.
Nc5 e4 22. Be2 Ra8 23. h5 g5 24. h6 Bf5 25. Rh5 Rad8 26. Qxg5+ Bg6 27. Rxd8
Qxd8 28. Qxd8 Rxd8 29. Re5 b6 30. Nxe4 Kf7 31. Ng5+ Kf6 32. f4 Rd6 33. c5 bxc5
34. Rxc5 Nd5 35. g3 a4 36. Kf2 Ne7 37. Nf3 Bb1 38. a3 Be4 39. Ke1 Kg6 40. Ne5+
Kf6 41. Rc4 Bd5 42. Rxa4 c5 43. g4 Bb3 44. g5+ Ke6 45. Bg4+ Kd5 46. Ra7 Ng6 47.
Nxg6 Rxg6 48. Bf5 Rg8 49. Bxh7 Re8+ 50. Kf2 Bc4 51. Rd7+ Kc6 52. Rd2 Rf8 53.
Be4+ Kb5 54. f5 Re8 55. Kf3 Ka4 56. h7 Rb8 57. Kf4 Bb5 58. g6 Ka5 59. g7 1-0

[Event "MP Reykjavik Open 2011"]
[Site "Reykjavik ISL"]
[Date "2011.03.16"]
[Round "9.60"]
[White "Gardarsson, Hordur"]
[Black "Duchrow, Oliver"]
[Result "0-1"]
[WhiteElo "1851"]
[BlackElo "2165"]
[PlyCount "92"]
[EventDate "2011.03.09"]
[EventType "swiss"]
[EventRounds "9"]
[EventCountry "ISL"]
[Source "lmi"]
[SourceDate "2011.03.09"]

1. d4 f5 2. g3 g6 3. Bg2 Bg7 4. c4 Nf6 5. Nc3 O-O 6. Nf3 d6 7. O-O Qe8 8. d5 e5
9. dxe6 Qxe6 10. Qd3 Na6 11. Ng5 Qe7 12. a3 Nc5 13. Qd1 a5 14. Be3 Ne6 15. Nxe6
Bxe6 16. Nd5 Qf7 17. Qd2 Ne4 18. Bxe4 fxe4 19. Bd4 Bxd4 20. Qxd4 c5 21. Qe3
Bxd5 22. cxd5 Qxd5 23. Rad1 Qc6 24. Rc1 b6 25. h4 d5 26. h5 Rae8 27. hxg6 hxg6
28. Kg2 Kg7 29. Rh1 Rh8 30. Qc3+ Qf6 31. Qxf6+ Kxf6 32. Rxh8 Rxh8 33. e3 Ke5
34. Rc2 Rd8 35. Kf1 d4 36. exd4+ cxd4 37. Rc6 Rd6 38. Rc8 Kd5 39. b4 axb4 40.
axb4 Rc6 41. Rd8+ Kc4 42. Re8 Kd3 43. Rd8 Rc1+ 44. Kg2 Rb1 45. Rg8 Rxb4 46.
Rxg6 Ke2 0-1

[Event "MP Reykjavik Open 2011"]
[Site "Reykjavik ISL"]
[Date "2011.03.16"]
[Round "9.61"]
[White "Jonsson, Olafur Gisli"]
[Black "Braig, Frank"]
[Result "0-1"]
[WhiteElo "1842"]
[BlackElo "2105"]
[PlyCount "72"]
[EventDate "2011.03.09"]
[EventType "swiss"]
[EventRounds "9"]
[EventCountry "ISL"]
[Source "lmi"]
[SourceDate "2011.03.09"]

1. d4 d5 2. Nf3 e6 3. e3 f5 4. c4 Nf6 5. b3 c6 6. a4 Bb4+ 7. Nfd2 Ne4 8. Ba3
Ba5 9. b4 Bc7 10. Qh5+ g6 11. Qh6 Kf7 12. Nxe4 fxe4 13. b5 e5 14. h4 exd4 15.
cxd5 cxd5 16. Nd2 Qf6 17. Bb2 Bg4 18. f3 Bg3+ 19. Kd1 exf3 20. Kc1 Qf5 21. e4
Qf4 22. Qxf4+ Bxf4 23. exd5 Rc8+ 24. Kb1 Bxd2 25. Bxd4 Bf5+ 26. Ka2 Rc2+ 27.
Kb3 Nd7 28. gxf3 Nc5+ 29. Ka3 a5 30. bxa6 bxa6 31. Rd1 Bc1+ 32. Rxc1 Rxc1 33.
d6 Rb8 34. Bxc5 Rxc5 35. Bxa6 Rc3+ 36. Ka2 Be6+ 0-1

[Event "MP Reykjavik Open 2011"]
[Site "Reykjavik ISL"]
[Date "2011.03.16"]
[Round "9.62"]
[White "Schwenke, Markus"]
[Black "Erikstad, Olav"]
[Result "1/2-1/2"]
[WhiteElo "2098"]
[BlackElo "1829"]
[PlyCount "73"]
[EventDate "2011.03.09"]
[EventType "swiss"]
[EventRounds "9"]
[EventCountry "ISL"]
[Source "lmi"]
[SourceDate "2011.03.09"]

1. e4 c6 2. d4 d5 3. Nc3 dxe4 4. Nxe4 Nf6 5. Nxf6+ exf6 6. Nf3 Bd6 7. Bd3 O-O
8. O-O Bg4 9. h3 Bh5 10. c3 Nd7 11. Be3 Re8 12. Kh1 Nf8 13. g4 Bg6 14. Nh4 Qd7
15. Nxg6 Nxg6 16. Qe2 Nh4 17. f3 Qe6 18. Bg1 Bg3 19. Qc2 h5 20. b3 hxg4 21.
hxg4 Re7 22. Rad1 Rae8 23. Rd2 Qd6 24. Bh2 Re1 25. Rdf2 Bxh2 26. Rxh2 Qg3 27.
Qf2 Rxf1+ 28. Bxf1 Qxf3+ 29. Qxf3 Nxf3 30. Re2 Kf8 31. Kg2 Ng5 32. Rxe8+ Kxe8
33. Bd3 Ke7 34. a4 Kd6 35. Kf2 c5 36. Ke3 cxd4+ 37. cxd4 1/2-1/2

[Event "MP Reykjavik Open 2011"]
[Site "Reykjavik ISL"]
[Date "2011.03.16"]
[Round "9.63"]
[White "Hreinsson, Kristjan"]
[Black "Salewski, Bernd"]
[Result "0-1"]
[WhiteElo "1792"]
[BlackElo "2056"]
[PlyCount "78"]
[EventDate "2011.03.09"]
[EventType "swiss"]
[EventRounds "9"]
[EventCountry "ISL"]
[Source "lmi"]
[SourceDate "2011.03.09"]

1. e4 e6 2. f4 d5 3. Nc3 c5 4. Nf3 Nf6 5. e5 Nfd7 6. d3 Nc6 7. Bd2 Qb6 8. b3
Be7 9. Be2 O-O 10. O-O f6 11. exf6 Bxf6 12. Na4 Qc7 13. c3 b5 14. Nb2 b4 15.
Rc1 bxc3 16. Bxc3 Bxc3 17. Rxc3 Qxf4 18. Na4 Nd4 19. Kh1 Nf5 20. g3 Qh6 21. Qe1
d4 22. Rxc5 Nxc5 23. Nxc5 Ne3 24. Rf2 Ng4 25. Rg2 e5 26. Ne4 Bb7 27. Nfd2 Qe3
28. h3 Nf2+ 29. Kh2 Nxd3 30. Qb1 Nb4 31. Bc4+ Kh8 32. Re2 Qh6 33. a3 Nd5 34.
Qd3 Ne3 35. h4 Qc6 36. Kh3 h6 37. Rxe3 dxe3 38. Qxe3 Rad8 39. Bd3 Qd7+ 0-1